| 000 | 01214nac a22003491u 4500 | ||
|---|---|---|---|
| 003 | EG-ScBUE | ||
| 005 | 20220222114158.0 | ||
| 008 | 090331t2004 dk f 000 0deng d | ||
| 020 | _a8791540054 | ||
| 020 | _a9788791540059 | ||
| 040 |
_aEG-ScBUE _beng _erda _cEG-ScBUE _dEG-ScBUE |
||
| 082 | 0 | 4 |
_a839.8136 _bLAU _222 |
| 100 | 1 |
_aLauritsen, Birthe, _d1942- _eauthor. _936120 |
|
| 245 | 1 | 4 |
_aThe little book about Hans Christian Andersen / _c[texts] by Birthe Lauritsen ; research Hanne Nautrup ; translation Mary Graham. |
| 250 | _aFirst edition. | ||
| 264 | 1 |
_aCopenhagen : _bPuella's Edition, _c[2004] |
|
| 264 | 4 | _cc2004 | |
| 300 |
_a143 pages : _bcolor illustrations ; _c15 cm. |
||
| 336 |
_2rdacontent _atext _btxt |
||
| 337 |
_2rdamedia _aunmediated _bn |
||
| 338 |
_2rdacarrier _avolume _bnc |
||
| 490 | 0 | _aThe little book about | |
| 600 | 1 | 7 |
_94767 _a Andersen, H. C. _d1805-1875. _q(Hans Christian) _2BUEsh |
| 650 | _2BUEsh | ||
| 651 | _2BUEsh | ||
| 653 |
_bGGEN _cFebruary2022 |
||
| 655 |
_vReading book _934232 |
||
| 700 | 1 |
_aNautrup, Hanne, _eresearcher. |
|
| 700 | 1 |
_aGraham, Mary, _d1944- _etranslator. |
|
| 942 |
_cBB _k839.8136 LAU _2ddc |
||
| 999 |
_c3393 _d3393 |
||